MARC

LEADER 00000nam0a2200000 4500
001 273005
005 20231101234605.0
020 |a RU  |b 87-67142 
035 |a (RuTPU)RU\TPU\book\296214 
090 |a 273005 
100 |a 20141023d1987 m y0rusy5003 ca 
101 0 |a rus 
102 |a RU 
105 |a a j 001zy 
200 1 |a Монтаж стальных и железобетонных конструкций промышленных зданий  |e учебник  |f И. И. Чичерин 
210 |a Москва  |c Высшая школа  |d 1987 
215 |a 272 с.  |c ил. 
225 1 |a Профессионально-техническое образование 
320 |a Библиогр.: с. 269 
606 1 |a Каркасы промышленных зданий стальные  |x Монтаж  |2 stltpush  |3 (RuTPU)RU\TPU\subj\13886  |9 40426 
610 1 |a железобетонные конструкции 
610 1 |a конструктивные элементы 
610 1 |a такелажные работы 
610 1 |a сварочные работы 
610 1 |a геодезические работы 
610 1 |a монтаж 
610 1 |a монтажные работы 
610 1 |a техническая документация 
610 1 |a учебники 
675 |a 693.9(075.32)  |z rus  |v 4 
700 1 |a Чичерин  |b И. И.  |g Иван Иванович 
801 0 |a RU  |b RuMRKP  |c 19950417  |g psbo 
801 1 |a RU  |b 63413507  |c 20141023 
801 2 |a RU  |b 63413507  |c 20170320  |g RCR 
942 |c BK